| 000 | 00000nam 2200000za 4500 |
| 001 | 9.550561 |
| 003 | CaOODSP |
| 005 | 20250120083938 |
| 007 | ta |
| 008 | 150406|2008||||xxc||||| f|0| 0 fre d |
| 020 | |a978-0-660-65193-4 |
| 022 | |a0317-2376 |
| 040 | |aCaOODSP|bfre |
| 041 | |aeng |
| 041 | |afre |
| 043 | |an-cn--- |
| 086 | 1 |aFR4-2008/5 |
| 110 | 1 |aCanada. |bAffaires étrangères et commerce international Canada. |
| 245 | 10|aImposition : |bConvention entre le gouvernement du Canada et le gouvernement de la République gabonaise en vue d'éviter les doubles impositions et de prévenir l'évasion fiscale en matière d'impôts sur le revenu et sur la fortune, Libreville, le 14 novembre 2002, en vigueur le 22 décembre 2008 |
| 260 | |aOttawa - Ontario : |bAffaires étrangères et Commerce international |cc2010. |
| 300 | |a59p. ; |c25 cm. |
| 490 | 1 |aRecueil des traités|x0317-2376|v2008/5 |
| 563 | |aCouverture souple |
| 590 | |a10-07|b2010-02-19 |
| 776 | 0#|tTaxation - Convention between the Government of Canada and the Government of the Gabonese Republic for the Avoidance of Double Taxation and the Prevention of Fiscal Evasion with respect to Taxes on Income and on Capital = |w(CaOODSP)9.947095 |
| 791 | |tTaxation : |eeng|w(CaOODSP)9.550560 |
| 830 | #0|aRecueil des traités,|x0317-2376|v2008/5|w(CaOODSP)9.509229 |